Technology and the pursuit of freedom (Record no. 354335)

000 -LEADER
fixed length control field 00358cam a22001337a 4500
008 - FIXED-LENGTH DATA ELEMENTS--GENERAL INFORMATION
fixed length control field 180718b1983 xxu||||| |||| 00| 0 eng d
082 ## - DEWEY DECIMAL CLASSIFICATION NUMBER
Classification number YA6 Sh42
100 ## - MAIN ENTRY--PERSONAL NAME
Personal name Shekhawat, V.
245 ## - TITLE STATEMENT
Title Technology and the pursuit of freedom
Statement of responsibility, etc. by V. Shekhawat
260 ## - PUBLICATION, DISTRIBUTION, ETC.
Place of publication, distribution, etc. New Delhi
Name of publisher, distributor, etc. National
Date of publication, distribution, etc. 1983
300 ## - PHYSICAL DESCRIPTION
Extent 128p.
650 ## - SUBJECT ADDED ENTRY--TOPICAL TERM
Topical term or geographic name entry element Civil liberties
650 ## - SUBJECT ADDED ENTRY--TOPICAL TERM
Topical term or geographic name entry element Technology
Holdings
Withdrawn status Lost status Damaged status Not for loan Permanent Location Current Location Date acquired Full call number Barcode Date last seen Price effective from Koha item type
        Indian Institute of Public Administration Indian Institute of Public Administration 1993-12-09 YA6 Sh42 60015 2018-07-21 2018-07-21 Book

Powered by Koha